ASOIAF - Westerland Houses COAs - Statistics

General Stats
  • This quiz has been taken 93 times
  • The average score is 12 of 25
Answer Stats
Picture Answer % Correct
Clegane
100%
Lannister
100%
Westerling
88%
Crakehall
86%
Brax
76%
Payne
70%
Plumm
70%
Swyft
68%
Marbrand
64%
Farman
56%
Lefford
54%
Lorch
52%
Banefort
50%
Lydden
48%
Prester
46%
Greenfield
36%
Spicer
36%
Serrett
34%
Broom
22%
Kenning of Kayce
20%
Stackspear
18%
Jast
16%
Falwell
12%
Estren
10%
Moreland
10%
No matching quizzes found
Score Distribution
Percent of People with Each Score
Percentile by Number Answered
Your Score History
You have not taken this quiz